00381nam a2200133 a 45000010010000000030011000100080041000210350026000620820018000881000020001062450042001262600055001686500024002230000-8552ELIB.Books110520 1958  a(ELIB.Books)0000-8698 a268.635 bRum aRumpf, Oscar J. aThe use of Audiovisuals in the Chruch bPhiladelphia; The Christian Education Press c1958 aChristian Education